Organizing U.s. business practices to manage culture clash (Record no. 58770)

000 -LEADER
fixed length control field 00385pab a2200145 454500
008 - FIXED-LENGTH DATA ELEMENTS--GENERAL INFORMATION
fixed length control field 180718b2003 xxu||||| |||| 00| 0 eng d
100 ## - MAIN ENTRY--PERSONAL NAME
Personal name Begley, Thomas M.
245 ## - TITLE STATEMENT
Title Organizing U.s. business practices to manage culture clash
260 ## - PUBLICATION, DISTRIBUTION, ETC.
Date of publication, distribution, etc. 2003
300 ## - PHYSICAL DESCRIPTION
Extent p.357-71.
650 ## - SUBJECT ADDED ENTRY--TOPICAL TERM
Topical term or geographic name entry element Work culture
700 ## - ADDED ENTRY--PERSONAL NAME
Personal name Boyd, David P.
773 ## - HOST ITEM ENTRY
Main entry heading Organizational Dynamics
909 ## -
-- 58770
Holdings
Withdrawn status Lost status Damaged status Not for loan Permanent Location Current Location Date acquired Serial Enumeration / chronology Barcode Date last seen Price effective from Koha item type
        Indian Institute of Public Administration Indian Institute of Public Administration 2018-07-19 Volume no: 32, Issue no: 4 AR59215 2018-07-19 2018-07-19 Articles

Powered by Koha